000
00213 a2200097 4500
001
7698
100
_a
Okress, E
245
_a
Gossed field microwave devices
260
_a
_b
Academic Press
_c
090
_c
6160
_d
6160
942
_a
NUST-CAE
_c
M
_c
32668
999
_c
242771
_d
242771